[Event "Bezirksliga Oberbayern 1819"]
[Site "Bayern"]
[Date "2018.10.21"]
[Round "1.4"]
[White "Walter, Stefan"]
[Black "Yaroshenko, Yaroslav"]
[Result "1-0"]
[WhiteElo "1969"]
[BlackElo "1834"]
[PlyCount "85"]
[EventDate "2018.10.21"]
[EventType "team-tourn"]
[EventRounds "9"]
[EventCountry "GER"]
[SourceTitle "EXT 2022"]
[Source "ChessBase"]
[SourceDate "2021.10.06"]
[SourceVersion "1"]
[SourceVersionDate "2021.10.06"]
[SourceQuality "1"]
[WhiteTeam "Neuburg"]
[BlackTeam "Graefelfing SK"]
[WhiteTeamCountry "GER"]
[BlackTeamCountry "GER"]

1. e4 g6 2. f4 Bg7 3. Bc4 d6 4. Nf3 Nf6 5. Nc3 0-0 6. d3 c6 7. Bb3 d5 8. Qe2 Re8 9. e5 Ng4 10. Bd2 Na6 11. h3 Nh6 12. g4 Nc5 13. f5 Nxb3 14. axb3 d4 15. Nd1 Qd5 16. 0-0 gxf5 17. g5 Ng4 18. hxg4 fxg4 19. Nh2 g3 20. Ng4 Qe6 21. Nh6+ Bxh6 22. gxh6 Qg6 23. Qg2 Be6 24. Bf4 Kh8 25. Qxg3 Rg8 26. Qxg6 Rxg6+ 27. Kf2 Rag8 28. Ke1 Bh3 29. Rf2 Rg1+ 30. Kd2 a6 31. c3 c5 32. Kc2 R8g2 33. Rxg2 Rxg2+ 34. Bd2 f5 35. exf6 exf6 36. cxd4 cxd4 37. Ra4 Rg8 38. Rxd4 b5 39. Nf2 Rc8+ 40. Bc3 Be6 41. b4 Kg8 42. Rd6 Kf7 43. Rxa6 1-0

[Event "Mittelfranken-chTB2a 1617"]
[Site "Mittelfranken"]
[Date "2017.05.14"]
[Round "9.3"]
[White "Walter, Stefan"]
[Black "Birkmann, Guenther"]
[Result "0-1"]
[WhiteElo "1805"]
[BlackElo "1919"]
[PlyCount "52"]
[EventDate "2016.10.23"]
[EventType "team-tourn"]
[EventRounds "9"]
[EventCountry "GER"]
[SourceTitle "EXT 2022"]
[Source "ChessBase"]
[SourceDate "2021.10.06"]
[SourceVersion "1"]
[SourceVersionDate "2021.10.06"]
[SourceQuality "1"]
[WhiteTeam "Fuerth SG"]
[BlackTeam "Zirndorf II"]
[WhiteTeamCountry "GER"]
[BlackTeamCountry "GER"]

1. e4 c5 2. Nf3 e6 3. d4 cxd4 4. Nxd4 a6 5. c4 Nf6 6. Nc3 Bb4 7. Bd3 Nc6 8. Nxc6 dxc6 9. 0-0 e5 10. a3 Bg4 11. Qc2 Bc5 12. b4 Bd4 13. c5 Qd7 14. Re1 Rd8 15. Bc4 0-0 16. Be3 Qe7 17. f3 Be6 18. Bd3 Nh5 19. Bxd4 Rxd4 20. Ne2 Rd7 21. Rad1 Rfd8 22. Qc3 Qg5 23. Kf2 Qh4+ 24. Kg1 Rxd3 25. g3 Rxc3 26. gxh4 Rcd3 0-1

[Event "Mittelfranken-chTB2a 1617"]
[Site "Mittelfranken"]
[Date "2017.02.12"]
[Round "6.3"]
[White "Schmidt, Martin"]
[Black "Walter, Stefan"]
[Result "1/2-1/2"]
[WhiteElo "1678"]
[BlackElo "1805"]
[PlyCount "37"]
[EventDate "2016.10.23"]
[EventType "team-tourn"]
[EventRounds "9"]
[EventCountry "GER"]
[SourceTitle "EXT 2022"]
[Source "ChessBase"]
[SourceDate "2021.10.06"]
[SourceVersion "1"]
[SourceVersionDate "2021.10.06"]
[SourceQuality "1"]
[WhiteTeam "Dombuehl"]
[BlackTeam "Fuerth SG"]
[WhiteTeamCountry "GER"]
[BlackTeamCountry "GER"]

1. f4 Nf6 2. Nf3 g6 3. e3 Bg7 4. Be2 0-0 5. 0-0 d5 6. d3 c5 7. Nc3 d4 8. Ne4 Nfd7 9. exd4 cxd4 10. Qe1 Nc6 11. Bd2 Qb6 12. b3 Qc7 13. Qh4 Nf6 14. Nxf6+ Bxf6 15. Ng5 h5 16. Bxh5 Kg7 17. Bf3 Rh8 18. Qg3 Nd8 19. Rac1 1/2-1/2

[Event "Mittelfranken-chTB2a 1617"]
[Site "Mittelfranken"]
[Date "2017.01.22"]
[Round "5.3"]
[White "Walter, Stefan"]
[Black "Hofer, Stefan1111"]
[Result "0-1"]
[WhiteElo "1805"]
[BlackElo "1927"]
[PlyCount "94"]
[EventDate "2016.10.23"]
[EventType "team-tourn"]
[EventRounds "9"]
[EventCountry "GER"]
[SourceTitle "EXT 2022"]
[Source "ChessBase"]
[SourceDate "2021.10.06"]
[SourceVersion "1"]
[SourceVersionDate "2021.10.06"]
[SourceQuality "1"]
[WhiteTeam "Fuerth SG"]
[BlackTeam "Cadolzburg"]
[WhiteTeamCountry "GER"]
[BlackTeamCountry "GER"]

1. e4 e6 2. d4 d5 3. Nd2 Nc6 4. Ngf3 Nf6 5. e5 Nd7 6. Be2 f6 7. exf6 Qxf6 8. Nf1 Bd6 9. Ne3 0-0 10. 0-0 Nb6 11. a4 a5 12. Bb5 e5 13. Bxc6 bxc6 14. dxe5 Bxe5 15. Nxe5 Qxe5 16. Ng4 Qe4 17. f3 Bxg4 18. fxe4 Bxd1 19. Rxd1 dxe4 20. Re1 Rae8 21. Bd2 Nc4 22. Bc3 Rf5 23. Re2 h5 24. Rf1 Rd5 25. Rf4 Nd6 26. Kf2 Re6 27. Ke1 g5 28. Rf1 e3 29. Rf6 Rxf6 30. Bxf6 Ne4 31. Be7 Re5 32. Bd8 Nc5 33. Bxc7 Re4 34. b3 Nb7 35. Bb6 c5 36. Bc7 Kf7 37. c3 Ke6 38. h3 Kd7 39. Bh2 Nd6 40. Bxd6 Kxd6 41. g3 Kd5 42. Rb2 h4 43. Rg2 g4 44. gxh4 gxh3 45. Rg5+ Ke6 46. Rg3 Rxh4 47. Rxe3+ Kd5 0-1

[Event "Rheinland Pfalz op 7th"]
[Site "Frankenthal"]
[Date "2015.06.06"]
[Round "6"]
[White "Gschnitzer, Adrian"]
[Black "Walter, Stefan"]
[Result "1-0"]
[WhiteElo "2088"]
[BlackElo "1964"]
[PlyCount "43"]
[EventDate "2015.06.04"]
[EventType "swiss"]
[EventRounds "7"]
[EventCountry "GER"]
[SourceTitle "EXT 2017"]
[Source "ChessBase"]
[SourceDate "2016.10.25"]
[SourceVersion "1"]
[SourceVersionDate "2016.10.25"]
[SourceQuality "1"]

1. e4 e6 2. d4 d5 3. Nd2 Nc6 4. c3 e5 5. Bb5 exd4 6. cxd4 dxe4 7. Nxe4 Bb4+ 8. Nc3 Qd5 9. Qe2+ Be6 10. Nf3 0-0-0 11. a3 Bxc3+ 12. bxc3 Na5 13. 0-0 Bg4 14. Bf4 Nf6 15. c4 Bxf3 16. Qe7 Rd7 17. Bxd7+ Qxd7 18. Qxd7+ Kxd7 19. gxf3 Nh5 20. Bg3 Nxg3 21. fxg3 Nxc4 22. Kf2 1-0

[Event "Rheinland Pfalz op 7th"]
[Site "Frankenthal"]
[Date "2015.06.06"]
[Round "3"]
[White "Walter, Stefan"]
[Black "Hinrichs, Paul"]
[Result "1-0"]
[WhiteElo "1964"]
[BlackElo "1641"]
[PlyCount "67"]
[EventDate "2015.06.04"]
[EventType "swiss"]
[EventRounds "7"]
[EventCountry "GER"]
[SourceTitle "EXT 2017"]
[Source "ChessBase"]
[SourceDate "2016.10.25"]
[SourceVersion "1"]
[SourceVersionDate "2016.10.25"]
[SourceQuality "1"]

1. d4 d5 2. c4 c6 3. Nc3 Nf6 4. e3 e6 5. Nf3 Nbd7 6. b3 Be7 7. Bd3 0-0 8. 0-0 dxc4 9. bxc4 Bb4 10. Qc2 c5 11. a3 Bxc3 12. Qxc3 b6 13. Bb2 Bb7 14. Nd2 Rc8 15. Qb3 Qc7 16. f3 cxd4 17. exd4 Qf4 18. Rad1 Rfd8 19. Ne4 Nxe4 20. fxe4 Qe3+ 21. Kh1 Nf6 22. Rf3 Qh6 23. d5 Ng4 24. h3 exd5 25. exd5 Re8 26. Bf5 Ne3 27. Bc1 Nxd1 28. Bxh6 Re1+ 29. Kh2 Rce8 30. Bd2 b5 31. Bxe1 Rxe1 32. Qxb5 f6 33. Qxb7 Kf8 34. Be6 1-0

[Event "BL2-Sued 1415"]
[Site "Germany"]
[Date "2015.02.01"]
[Round "6.5"]
[White "Schloetzer, Waldemar"]
[Black "Walter, Stefan"]
[Result "0-1"]
[WhiteElo "2310"]
[BlackElo "2376"]
[PlyCount "98"]
[EventDate "2014.09.21"]
[EventType "team-tourn"]
[EventRounds "9"]
[EventCountry "GER"]
[SourceTitle "CBM 166 Extra"]
[Source "ChessBase"]
[SourceDate "2015.06.18"]
[SourceVersion "1"]
[SourceVersionDate "2015.06.18"]
[SourceQuality "1"]
[WhiteTeam "Buchen"]
[BlackTeam "Griesheim"]
[WhiteTeamCountry "GER"]
[BlackTeamCountry "GER"]

1. d4 Nf6 2. c4 e6 3. g3 d5 4. Bg2 Be7 5. Nf3 0-0 6. 0-0 dxc4 7. Qc2 a6 8. Qxc4 b5 9. Qc2 Bb7 10. Bd2 Bd6 11. Rc1 h6 12. a3 Nbd7 13. Ba5 Qe7 14. b4 e5 15. dxe5 Nxe5 16. Nxe5 Bxg2 17. Kxg2 Qxe5 18. Ra2 c5 19. bxc5 Qd5+ 20. f3 Bxc5 21. e4 Qe6 22. Qd2 Be3 23. Qxe3 Qxa2+ 24. Qf2 Qxf2+ 25. Kxf2 Rfc8 26. Nc3 Rc4 27. Ke3 Rac8 28. Kd3 Nd7 29. Kd2 Nc5 30. Rb1 Nb7 31. Bb4 a5 32. Nd5 axb4 33. Ne7+ Kf8 34. Nxc8 Rxc8 35. Rxb4 Nd6 36. a4 Rc5 37. axb5 Rxb5 38. Rd4 Ke7 39. h4 Rb3 40. Ke2 Nb5 41. Rc4 g6 42. Kf2 Rc3 43. Rb4 Nd6 44. Ra4 Nc4 45. Ra7+ Kf6 46. Ra6+ Kg7 47. f4 Rc2+ 48. Kf3 Nd2+ 49. Ke3 Nf1+ 0-1

[Event "BL2-Sued 1415"]
[Site "Germany"]
[Date "2014.12.07"]
[Round "4.5"]
[White "Libiszewski, Fabien"]
[Black "Walter, Stefan"]
[Result "0-1"]
[WhiteElo "2531"]
[BlackElo "2376"]
[PlyCount "186"]
[EventDate "2014.09.21"]
[EventType "team-tourn"]
[EventRounds "9"]
[EventCountry "GER"]
[SourceTitle "CBM 166 Extra"]
[Source "ChessBase"]
[SourceDate "2015.06.18"]
[SourceVersion "1"]
[SourceVersionDate "2015.06.18"]
[SourceQuality "1"]
[WhiteTeam "Viernheim"]
[BlackTeam "Griesheim"]
[WhiteTeamCountry "GER"]
[BlackTeamCountry "GER"]

1. Nf3 Nf6 2. g3 d5 3. Bg2 e6 4. 0-0 Be7 5. d3 Nbd7 6. Nbd2 c6 7. e4 Qc7 8. Re1 dxe4 9. dxe4 e5 10. Nh4 g6 11. a4 0-0 12. Nc4 Nb6 13. Ne3 Be6 14. Qe2 Rad8 15. Bd2 Ng4 16. Nf3 Nxe3 17. Bxe3 Rd7 18. b3 f6 19. h4 Bb4 20. Red1 Rfd8 21. Rxd7 Qxd7 22. h5 Kg7 23. Nh2 Qd6 24. Bf3 Bc5 25. h6+ Kf7 26. Nf1 Bxe3 27. Qxe3 Qd4 28. Qe1 Nc8 29. Kg2 Ne7 30. Ne3 Qd2 31. Qh1 Qc3 32. Rd1 Rd4 33. Qh4 Rxd1 34. Bxd1 Qd4 35. Be2 Nc8 36. Nc4 b6 37. Bd3 b5 38. axb5 cxb5 39. Nd2 Nd6 40. Qh1 a5 41. Qc1 Ke7 42. Qa3 Qc3 43. Nb1 Qe1 44. Qc5 Qxb1 45. Bxb5 Bh3+ 46. Kh2 Bd7 47. Bxd7 Kxd7 48. Qa7+ Ke6 49. Qxh7 Qxc2 50. Qg8+ Ke7 51. h7 Qxf2+ 52. Kh3 Qf1+ 53. Kh2 Qe2+ 54. Kg1 Qe3+ 55. Kh2 Qh6+ 56. Kg2 Nf7 57. Kf2 Qh2+ 58. Kf1 g5 59. Qg7 g4 60. Qg8 Qh1+ 61. Ke2 Qxe4+ 62. Kd2 Qg2+ 63. Kc1 Qh2 64. Qg7 e4 65. Qg6 Qg1+ 66. Kc2 Qc5+ 67. Kb1 Qd5 68. Qg7 Qxb3+ 69. Ka1 Qc3+ 70. Ka2 Qc8 71. Qg6 f5 72. Kb1 Qb8+ 73. Kc2 Qc7+ 74. Kb1 Qe5 75. Qc6 e3 76. Qb7+ Kf6 77. Qc8 Qe4+ 78. Kb2 Qe5+ 79. Kb1 Kg6 80. Qg8+ Qg7 81. Kc2 a4 82. Kd3 a3 83. Kxe3 a2 84. h8Q Nxh8 85. Qxa2 Qc3+ 86. Kf2 Qf3+ 87. Kg1 Qxg3+ 88. Kh1 Qe1+ 89. Kg2 Nf7 90. Qa6+ Kg5 91. Qc8 Qe2+ 92. Kh1 Kh4 93. Qc5 Qf1+ 0-1

[Event "Stuttgart-chB int"]
[Site "Ditzingen"]
[Date "2014.05.31"]
[Round "7"]
[White "Mayer, Dietmar"]
[Black "Walter, Stefan"]
[Result "1-0"]
[WhiteElo "1758"]
[BlackElo "1599"]
[PlyCount "33"]
[EventDate "2014.05.29"]
[EventType "swiss"]
[EventRounds "7"]
[EventCountry "GER"]
[SourceTitle "EXT 2015"]
[Source "ChessBase"]
[SourceDate "2014.11.20"]
[SourceVersion "1"]
[SourceVersionDate "2014.11.20"]
[SourceQuality "1"]

1. d4 Nf6 2. Nf3 e6 3. Bf4 d5 4. e3 c5 5. c3 Nc6 6. Nbd2 Be7 7. Ne5 0-0 8. Bd3 Qb6 9. Rb1 Rd8 10. Qf3 Bd6 11. Qh3 h6 12. g4 Qc7 13. g5 Ne4 14. gxh6 Nxe5 15. dxe5 Bxe5 16. hxg7 f5 17. Bxe5 1-0

[Event "Bundesliga 1314"]
[Site "Germany"]
[Date "2014.02.22"]
[Round "9.8"]
[White "Walter, Stefan"]
[Black "Hirneise, Tobias"]
[Result "0-1"]
[WhiteElo "2343"]
[BlackElo "2440"]
[PlyCount "110"]
[EventDate "2013.10.12"]
[EventType "team-tourn"]
[EventRounds "15"]
[EventCountry "GER"]
[SourceTitle "CBM 159"]
[Source "ChessBase"]
[SourceDate "2014.03.17"]
[SourceVersion "1"]
[SourceVersionDate "2014.03.17"]
[SourceQuality "1"]
[WhiteTeam "Griesheim"]
[BlackTeam "Wattenscheid"]
[WhiteTeamCountry "GER"]
[BlackTeamCountry "GER"]

1. d4 d5 2. c4 c6 3. e3 Nf6 4. Nf3 Bf5 5. Nc3 a6 6. Qb3 Ra7 7. Bd2 e6 8. Nh4 Bg4 9. h3 Bh5 10. g4 Nfd7 11. Ng2 Bg6 12. Nf4 dxc4 13. Bxc4 b5 14. Be2 c5 15. Rc1 Be7 16. Nxg6 hxg6 17. a4 cxd4 18. exd4 b4 19. Ne4 Rc7 20. 0-0 Nc6 21. Qc4 0-0 22. Bf4 Rc8 23. Rfd1 g5 24. Be3 Nf6 25. Qxa6 Nxd4 26. Rxc8 Nxe2+ 27. Qxe2 Qxc8 28. Bxg5 Qc6 29. Bxf6 Bxf6 30. b3 Be5 31. Qf3 Qc7 32. Kg2 Rc8 33. h4 Qe7 34. g5 Bb8 35. h5 Qc7 36. Ng3 Qe7 37. Ne4 Qc7 38. Ng3 Qe7 39. g6 f5 40. Rd3 Ba7 41. Qd1 Qb7+ 42. Kg1 Qc7 43. Kf1 Bb6 44. Rd6 Qc5 45. Qd2 f4 46. Rxb6 Qxb6 47. Qd7 Qa6+ 48. Kg1 fxg3 49. Qf7+ Kh8 50. h6 Rc1+ 51. Kg2 Qf1+ 52. Kxg3 Qg1+ 53. Kh3 Qh1+ 54. Kg3 Rg1+ 55. Kf4 Qxh6+ 0-1

[Event "Bundesliga 1314"]
[Site "Germany"]
[Date "2014.02.08"]
[Round "7.8"]
[White "Gonda, Laszlo"]
[Black "Walter, Stefan"]
[Result "1/2-1/2"]
[WhiteElo "2535"]
[BlackElo "2343"]
[PlyCount "51"]
[EventDate "2013.10.12"]
[EventType "team-tourn"]
[EventRounds "15"]
[EventCountry "GER"]
[SourceTitle "CBM 159"]
[Source "ChessBase"]
[SourceDate "2014.03.17"]
[SourceVersion "1"]
[SourceVersionDate "2014.03.17"]
[SourceQuality "1"]
[WhiteTeam "Trier"]
[BlackTeam "Griesheim"]
[WhiteTeamCountry "GER"]
[BlackTeamCountry "GER"]

1. g3 Nf6 2. Bg2 d5 3. Nf3 e6 4. 0-0 Be7 5. c4 0-0 6. d4 dxc4 7. Qc2 a6 8. Qxc4 b5 9. Qc2 Bb7 10. Bd2 Bd6 11. Rc1 Qe7 12. Ne1 Bxg2 13. Nxg2 e5 14. dxe5 Bxe5 15. Ne3 c5 16. Bc3 Nbd7 17. a4 g6 18. Bxe5 Qxe5 19. Nd2 Rfe8 20. Nf3 Qe6 21. Rd1 Qc6 22. b3 Rad8 23. Qd3 Rc8 24. axb5 axb5 25. Rac1 Ne5 26. Nxe5 1/2-1/2

[Event "Bundesliga 1314"]
[Site "Germany"]
[Date "2013.11.23"]
[Round "3.6"]
[White "Gustafsson, Jan"]
[Black "Walter, Stefan"]
[Result "1-0"]
[WhiteElo "2628"]
[BlackElo "2343"]
[PlyCount "117"]
[EventDate "2013.10.12"]
[EventType "team-tourn"]
[EventRounds "15"]
[EventCountry "GER"]
[SourceTitle "CBM 158"]
[Source "ChessBase"]
[SourceDate "2014.01.16"]
[SourceVersion "1"]
[SourceVersionDate "2014.01.16"]
[SourceQuality "1"]
[WhiteTeam "Baden-Baden"]
[BlackTeam "Griesheim"]
[WhiteTeamCountry "GER"]
[BlackTeamCountry "GER"]

1. Nf3 Nf6 2. c4 e6 3. Nc3 d5 4. d4 Be7 5. Bf4 0-0 6. Rc1 c6 7. e3 Nbd7 8. h3 b6 9. cxd5 exd5 10. Bd3 Re8 11. 0-0 Bb7 12. Qc2 Nf8 13. Ne5 N6d7 14. Nf3 g6 15. Rcd1 Ne6 16. Bg3 Rc8 17. Qe2 Bf6 18. Ba6 Bxa6 19. Qxa6 Ra8 20. Rd2 Qc8 21. Qxc8 Raxc8 22. Rc1 b5 23. Rdc2 Nb6 24. Ne2 Nc4 25. b3 Na5 26. Bd6 Be7 27. Bxe7 Rxe7 28. Ne5 Rec7 29. Nd3 Nb7 30. Nb4 Nbd8 31. Na6 Rb7 32. g3 Kf8 33. Nb4 Rbc7 34. Na6 Rb7 35. Nf4 Nxf4 36. gxf4 Ke7 37. Nc5 Rbb8 38. f3 Rb6 39. Kf2 Ne6 40. h4 Nxc5 41. Rxc5 Kd6 42. e4 Re8 43. Ke3 Re7 44. Kd3 Re6 45. R5c2 Ra6 46. Rg1 Ra3 47. h5 Ra6 48. Rg5 b4 49. Rh2 Ra5 50. e5+ Kd7 51. hxg6 hxg6 52. f5 gxf5 53. Rxf5 Re7 54. Rf6 Kc7 55. Rc2 Ra6 56. f4 Rb6 57. f5 Rd7 58. Ke3 Kb7 59. Kf4 1-0

[Event "BL2-Sued 1112"]
[Site "Germany"]
[Date "2012.04.15"]
[Round "9.5"]
[White "Schneider, Bernd2222"]
[Black "Walter, Stefan"]
[Result "1/2-1/2"]
[WhiteElo "2244"]
[BlackElo "2360"]
[PlyCount "107"]
[EventDate "2011.10.02"]
[EventType "team-tourn"]
[EventRounds "9"]
[EventCountry "GER"]
[SourceTitle "EXT 2015"]
[Source "ChessBase"]
[SourceDate "2014.11.20"]
[SourceVersion "1"]
[SourceVersionDate "2014.11.20"]
[SourceQuality "1"]
[WhiteTeam "Untergrombach"]
[BlackTeam "Griesheim"]
[WhiteTeamCountry "GER"]
[BlackTeamCountry "GER"]

1. e4 e5 2. Nc3 Nf6 3. Bc4 Nxe4 4. Qh5 Nd6 5. Bb3 Be7 6. Nf3 Nc6 7. Nxe5 g6 8. Nxc6 dxc6 9. Qd1 0-0 10. 0-0 Nf5 11. Ne4 Nd4 12. d3 a5 13. c3 Nxb3 14. axb3 Be6 15. Be3 b6 16. f4 Re8 17. Re1 c5 18. c4 Bf8 19. Bd2 Bg7 20. Bc3 h6 21. Qf3 Bd4+ 22. Kh1 Kg7 23. Ng3 Qd7 24. Re4 Bg4 25. Bxd4+ cxd4 26. Qf2 Rxe4 27. dxe4 d3 28. Nf1 Rd8 29. Nd2 Qe7 30. Kg1 Qf6 31. Rb1 Be2 32. Qe3 Qd6 33. Ra1 Qb4 34. Ra4 Qe7 35. Ra1 Kh7 36. g3 Qe6 37. Kg2 Qf6 38. Rb1 Qc6 39. Kf2 a4 40. bxa4 Qxa4 41. b3 Qa2 42. h3 Ra8 43. e5 Kg7 44. g4 Qc2 45. Ke1 Ra2 46. e6 Kf8 47. f5 g5 48. exf7 Kxf7 49. Qe6+ Kf8 50. Qxh6+ Ke8 51. Qxg5 Qc3 52. f6 Rxd2 53. Qxd2 Qe5 54. Qb2 1/2-1/2

[Event "Hessen-ch 64th"]
[Site "Bad Vilbel"]
[Date "2010.04.03"]
[Round "8"]
[White "Walter, Stefan"]
[Black "Bulski, Krzysztof"]
[Result "0-1"]
[WhiteElo "2169"]
[BlackElo "2416"]
[PlyCount "68"]
[EventDate "2010.03.27"]
[EventType "swiss"]
[EventRounds "9"]
[EventCountry "GER"]
[SourceTitle "CBM 135 Extra"]
[Source "ChessBase"]
[SourceDate "2010.05.04"]
[SourceVersion "1"]
[SourceVersionDate "2010.05.04"]
[SourceQuality "1"]

1. d4 d5 2. Bf4 Nf6 3. Nf3 c6 4. c3 Nh5 5. Bxb8 Rxb8 6. Nbd2 g6 7. g3 Bg7 8. Bg2 Nf6 9. 0-0 0-0 10. Re1 Qc7 11. Qa4 a6 12. Qa3 Ne4 13. Rad1 Nxd2 14. Rxd2 Bf5 15. Nh4 Bc8 16. Nf3 Rd8 17. Rdd1 b6 18. e4 dxe4 19. Rxe4 c5 20. Rde1 e6 21. Ne5 Bb7 22. Rf4 Bxg2 23. Kxg2 Bxe5 24. dxe5 Qc6+ 25. Kh3 Rd2 26. Re3 h5 27. Qxa6 Ra8 28. Qf1 Rxa2 29. b4 g5 30. Rf6 cxb4 31. cxb4 Qd5 32. b5 Qd4 33. Qe1 Ra1 34. Rf4 gxf4 0-1